000 00535nam a2200193 4500
003 LK-CoMWRAF
005 20231020140721.0
008 230925b |||||||| |||| 00| 0 eng d
040 _aLK-CoMWRAF
_dLK-CoMWRAF
_eLK-CoMWRAF
041 _aeng
082 _a823
_bKHA
100 _aKhan, Saniyasnain
245 _aTwo tales :
_bThe army of ants : The powerful jinn
260 _aNew Delhi :
_bGoodword books,
_c2007
490 _aFavourite tales from the Quran
650 _aChild-Fiction
650 _aChild story-Quran
942 _cBK
999 _c3671
_d3671